00568nam a2200169Ia 4500008004100000020001500041041001200056082001600068100001500084245004600099260002500145300000800170650001600178942000700194999001500201952018200216221030s9999 xx 000 0 und d a0074632000 aEnglish a105.23bJai aR. P. Jain 0aModern Digital Electronicscby R. P. Jain bTMHaNew Delhic1999 a500 aBE Computer cBK c6500d6500 pBE 996g165.00l4o105.23 Jair2024-06-13 00:00:00s2023-12-19w2022-10-30yBK003Print4070aMIETLIBbMIETLIBcBL-Academic Block C, FL-2, CUP-93, SH-5, R-5d2000-02-0810HBE